Crafting and executing strategy <the> quest for competitive advantage

Salvato in:
Dettagli Bibliografici
Autore principale: Thompson, Jr., Arthur A.
Altri autori: Strickland, A. J., Gamble, John E.
Natura: Libro
Lingua:inglese
Pubblicazione: Boston McGraw-Hill/Irwin 2008
Edizione:16th ed.
Soggetti:
Tags: Aggiungi Tag
Nessun Tag, puoi essere il primo ad aggiungerne!!

MARC

LEADER 00000nam$a2200000$$$4500
001 0067369
005 20240306135611.4
020 |a 978-0-07-128590-2 
041 0 |a eng 
044 |a US 
245 1 0 |a Crafting and executing strategy  |b <the> quest for competitive advantage  |c Arthur A. Thompson, Jr., A. J. Strickland III, John E. Gamble 
250 |a 16th ed. 
264 1 |a Boston  |b McGraw-Hill/Irwin  |c 2008 
300 |a 449 s. 
610 2 0 |a stratégia podnikateľská 
610 2 0 |a konkurencia 
610 2 0 |a výhody konkurenčné 
610 2 0 |a trh zahraničný 
610 2 0 |a prostredie podnikateľské 
610 2 0 |a priemysel 
610 2 0 |a diverzifikácia 
610 2 0 |a riadenie 
610 2 0 |a etika 
610 2 0 |a kultúra podniková 
610 2 0 |a vodcovstvo 
610 2 0 |a štúdie prípadové 
610 2 0 |a analýzy 
610 2 0 |a koncepcie 
100 1 |a Thompson, Jr., Arthur A. 
700 1 |a Strickland, A. J. 
700 1 |a Gamble, John E.